| 000 | 00461cam a2200181ua 4500 | ||
|---|---|---|---|
| 020 | _c4.50 | ||
| 041 |
_aeng _h |
||
| 082 |
_a307.14 _bLAL/OP |
||
| 100 | _aLalit K.Sen, . | ||
| 245 |
_aOpinion leadership in India / _cLalit K.Sen. _hTextual Documents |
||
| 250 |
_a1 / _b. |
||
| 260 |
_aHyderabad : _bNational Institute of Community Development , _c1969. |
||
| 300 | _a61 ; . | ||
| 365 | _a4.50 | ||
| 504 | _a | ||
| 942 | _cBK | ||
| 999 |
_c2500 _d2500 |
||